30 biggest cities and town in Scotland - Statistics

General Stats
  • This quiz has been taken 82 times
  • The average score is 17 of 30
Answers on the Map
Answers color-coded by a green-red scale on the quiz's map according to % correct below.
 
Answer Stats
Population City/Town % Correct
506,000 Edinburgh
99%
632,000 Glasgow
99%
198,000 Aberdeen
94%
47,000 Inverness
91%
148,000 Dundee
90%
47,000 Perth
84%
54,000 Dunfermline
71%
37,000 Stirling
71%
46,000 Ayr
70%
32,000 Motherwell
67%
35,000 Falkirk
64%
46,000 Kilmarnock
64%
77,000 Paisley
62%
54,000 Hamilton
61%
56,000 Livingston
58%
33,000 Dumfries
57%
41,000 Greenock
51%
50,000 Kirkcaldy
48%
50,000 Cumbernauld
46%
75,000 East Kilbride
46%
36,000 Airdrie
39%
38,000 Glenrothes
38%
34,000 Irvine
38%
43,000 Coatbridge
36%
25,000 Clydebank
33%
30,000 Wishaw
33%
30,000 Cambuslang
28%
28,000 Bearsden
26%
30,000 Rutherglen
26%
28,000 Newton Mearns
19%
No matching quizzes found
Score Distribution
Percent of People with Each Score
Percentile by Number Answered
Your Score History
You have not taken this quiz